Top 15 Most Watched Music Videos of January 2018 - Statistics

General Stats
  • This quiz has been taken 109 times
  • The average score is 5 of 15
Answer Stats
Views Song % Correct
4.64 billion Despacito
91%
3.04 billion Gangnam Style
57%
3.31 billion See You Again
47%
2.98 billion Shape of You
45%
2.47 billion Shake It Off
44%
2.86 billion Sorry
37%
2.40 billion Blank Space
34%
2.18 billion Hello
32%
2.38 billion Roar
30%
2.86 billion Uptown Funk
24%
2.49 billion Sugar
22%
2.20 billion Dark Horse
21%
2.45 billion Bailando
20%
2.25 billion Lean On
14%
2.16 billion All About That Bass
7%
No matching quizzes found
Score Distribution
Percent of People with Each Score
Percentile by Number Answered
Your Score History
You have not taken this quiz